000
00207nam a2200085 4500
001
1258711
005
20260324133717.0
245
_a
CİNGO- BEN İNSAN DEĞİL MİYİM?
_c
ŞERMİN YAŞAR
260
_b
DOĞAN ÇOCUK
999
_c
1258711
_d
1258711